000 00400nam a22001577a 4500
005 20180227170243.0
008 160525b xxu||||| |||| 00| 0 eng d
041 _aeng
082 _b4846
_a332
100 _aSrivastava, R.M & Nigam , Divya
_91222
245 _aIndian Financial Institutions
260 _aNew Delhi
_bAcademic Faundation
300 _a751
650 _aManagement
_9241
942 _cBK
999 _c1675
_d1674